000 01997nam a22003017a 4500
001 1533
003 FISKH
005 20230904143347.0
008 230904b cb ||||| |||| 00| 0 khr d
020 _a9789924340492
040 _aFISKH
_beng
_cFISKH
_dFISKH
082 _a523.2
100 _aKunthearo, Prum
245 _aផ្កាយបៃតង /
_cនិពន្ធដោយ ព្រុំ គន្ធារ៉ូ - គូររូបដោយ ចាន់ ពិសី
246 _aGreen star
250 _aបោះពុម្ពលើកទី​ ៤ កក្កដា ២០២២
260 _aPhnom Penh :
_bSipar,
_c2022.
300 _a27 pages :
_bcolor illustrations ;
_c24 cm
500 _aG
520 _aនីតាស្រលាញ់មុខវិជ្ជាវិទ្យាសាស្រ្ត។ ថ្ងៃមួយ នាងបានឮសំលេងចម្លែកនៅលើភ្នំខាងក្រោយផ្ទះ។ នាងបានចេញទៅរកមើលប្រភពសំឡេង ហើយបានជួបនឹងក្មេងប្រុសបៃតងម្នាក់។ ពួកគេបានក្លាយជាមិត្តនឹងគ្នា ហើយនីតាបានយកចំនេះដឹងផ្នែកវិទ្យាសាស្រ្តរបស់នាងដើម្បីជួយក្មេងប្រុសឳ្យត្រឡប់ទៅផ្ទះគេវិញ។
520 _aNita loves science. One day she heard a strange noise on the hill behind the house. She went out to look for the source of the sound and met a green boy. They became friends and Nita used her scientific knowledge to help the boy back home.
521 8 _a380
_bLexile estimate
521 8 _aG
_bRaz-Plus
650 _aផ្កាយ
_vថ្មរ​
_xភព
650 _aStar
_vBattery
_xPlanet
700 _aPisey, Chan
_eillustrator
942 _2ddc
_cBK
_n0
999 _c1533
_d1533